000 00562nam a22002057a 4500
003 UA-OsUOA
001 12883
007 ta
008 20050531b un ||||| |||| 00| 0 ukr d
100 _aЯкубовська М.
942 _cSA
040 _aUA-OsUOA
_bukr
_cUA-OsUOA
_dUA-OsUOA
245 _aУ світлі високої зорі... ( штрихи до літературного портрета Ігоря Павлюка )
300 _aС.52 - 59
955 _a0
041 _aukr
044 _aUA
773 0 _w0
650 7 _aПавлюк І.
_2UDC
999 _c299044
_d299044